[Event "Attica-ch U12"]
[Site "Athens"]
[Date "2014.04.11"]
[Round "1.1"]
[White "Boutos, Ilias"]
[Black "Karousos Theodorakis, Nikolaos"]
[Result "0-1"]
[WhiteElo "1005"]
[BlackElo "1811"]
[PlyCount "46"]
[EventDate "2014.04.11"]
[EventType "swiss"]
[EventRounds "7"]
[EventCountry "GRE"]
[SourceTitle "EXT 2024"]
[Source "ChessBase"]
[SourceDate "2023.10.10"]
[SourceVersion "1"]
[SourceVersionDate "2023.10.10"]
[SourceQuality "1"]

1. d4 Nf6 2. c4 e6 3. Nc3 Bb4 4. Bd2 b6 5. Nf3 Bb7 6. e3 d6 7. Be2 Nbd7 8. a3 Bxc3 9. Bxc3 a5 10. 0-0 0-0 11. Bd3 Ne4 12. h3 a4 13. Nd2 Nxc3 14. bxc3 e5 15. d5 Nc5 16. Bc2 f5 17. Qh5 Qf6 18. e4 f4 19. Nf3 Ba6 20. Ng5 h6 21. Nf3 Bxc4 22. Rfe1 Ba6 23. h4 Kh7 0-1